<?xml version="1.0" encoding="UTF-8"?><?xml-stylesheet type="text/xsl" href="static/style.xsl"?><OAI-PMH xmlns="http://www.openarchives.org/OAI/2.0/" xmlns:xsi="http://www.w3.org/2001/XMLSchema-instance" xsi:schemaLocation="http://www.openarchives.org/OAI/2.0/ http://www.openarchives.org/OAI/2.0/OAI-PMH.xsd"><responseDate>2026-04-18T00:25:45Z</responseDate><request verb="GetRecord" identifier="oai:www.recercat.cat:20.500.12327/3672" metadataPrefix="marc">https://recercat.cat/oai/request</request><GetRecord><record><header><identifier>oai:recercat.cat:20.500.12327/3672</identifier><datestamp>2025-10-22T11:17:21Z</datestamp><setSpec>com_2072_4428</setSpec><setSpec>com_2072_4427</setSpec><setSpec>col_2072_487898</setSpec></header><metadata><record xmlns="http://www.loc.gov/MARC21/slim" xmlns:dcterms="http://purl.org/dc/terms/" xmlns:xsi="http://www.w3.org/2001/XMLSchema-instance" xmlns:doc="http://www.lyncode.com/xoai" xsi:schemaLocation="http://www.loc.gov/MARC21/slim http://www.loc.gov/standards/marcxml/schema/MARC21slim.xsd">
   <leader>00925njm 22002777a 4500</leader>
   <datafield ind2=" " ind1=" " tag="042">
      <subfield code="a">dc</subfield>
   </datafield>
   <datafield ind2=" " ind1=" " tag="720">
      <subfield code="a">Gonzalez-Ibeas, Daniel</subfield>
      <subfield code="e">author</subfield>
   </datafield>
   <datafield ind2=" " ind1=" " tag="720">
      <subfield code="a">Blanca, José</subfield>
      <subfield code="e">author</subfield>
   </datafield>
   <datafield ind2=" " ind1=" " tag="720">
      <subfield code="a">Roig, Cristina</subfield>
      <subfield code="e">author</subfield>
   </datafield>
   <datafield ind2=" " ind1=" " tag="720">
      <subfield code="a">González-To, Mireia</subfield>
      <subfield code="e">author</subfield>
   </datafield>
   <datafield ind2=" " ind1=" " tag="720">
      <subfield code="a">Picó, Belén</subfield>
      <subfield code="e">author</subfield>
   </datafield>
   <datafield ind2=" " ind1=" " tag="720">
      <subfield code="a">Truniger, Verónica</subfield>
      <subfield code="e">author</subfield>
   </datafield>
   <datafield ind2=" " ind1=" " tag="720">
      <subfield code="a">Gómez, Pedro</subfield>
      <subfield code="e">author</subfield>
   </datafield>
   <datafield ind2=" " ind1=" " tag="720">
      <subfield code="a">Deleu, Wim</subfield>
      <subfield code="e">author</subfield>
   </datafield>
   <datafield ind2=" " ind1=" " tag="720">
      <subfield code="a">Caño- Delgado, Ana I.</subfield>
      <subfield code="e">author</subfield>
   </datafield>
   <datafield ind2=" " ind1=" " tag="720">
      <subfield code="a">Arús, Pere</subfield>
      <subfield code="e">author</subfield>
   </datafield>
   <datafield ind2=" " ind1=" " tag="720">
      <subfield code="a">Nuez, Fernando</subfield>
      <subfield code="e">author</subfield>
   </datafield>
   <datafield ind2=" " ind1=" " tag="720">
      <subfield code="a">Garcia-Mas, Jordi</subfield>
      <subfield code="e">author</subfield>
   </datafield>
   <datafield ind2=" " ind1=" " tag="720">
      <subfield code="a">Puigdomènech, Pere</subfield>
      <subfield code="e">author</subfield>
   </datafield>
   <datafield ind2=" " ind1=" " tag="720">
      <subfield code="a">Aranda, Miguel A</subfield>
      <subfield code="e">author</subfield>
   </datafield>
   <datafield ind2=" " ind1=" " tag="260">
      <subfield code="c">2007-09-03</subfield>
   </datafield>
   <datafield ind2=" " ind1=" " tag="520">
      <subfield code="a">Background: Melon (Cucumis melo L.) is one of the most important fleshy fruits for fresh consumption. Despite&#xd;
this, few genomic resources exist for this species. To facilitate the discovery of genes involved in essential traits,&#xd;
such as fruit development, fruit maturation and disease resistance, and to speed up the process of breeding new&#xd;
and better adapted melon varieties, we have produced a large collection of expressed sequence tags (ESTs) from&#xd;
eight normalized cDNA libraries from different tissues in different physiological conditions.&#xd;
Results: We determined over 30,000 ESTs that were clustered into 16,637 non-redundant sequences or&#xd;
unigenes, comprising 6,023 tentative consensus sequences (contigs) and 10,614 unclustered sequences&#xd;
(singletons). Many potential molecular markers were identified in the melon dataset: 1,052 potential simple&#xd;
sequence repeats (SSRs) and 356 single nucleotide polymorphisms (SNPs) were found. Sixty-nine percent of the&#xd;
melon unigenes showed a significant similarity with proteins in databases. Functional classification of the unigenes&#xd;
was carried out following the Gene Ontology scheme. In total, 9,402 unigenes were mapped to one or more&#xd;
ontology. Remarkably, the distributions of melon and Arabidopsis unigenes followed similar tendencies, suggesting&#xd;
that the melon dataset is representative of the whole melon transcriptome. Bioinformatic analyses primarily&#xd;
focused on potential precursors of melon micro RNAs (miRNAs) in the melon dataset, but many other genes&#xd;
potentially controlling disease resistance and fruit quality traits were also identified. Patterns of transcript&#xd;
accumulation were characterised by Real-Time-qPCR for 20 of these genes.&#xd;
Conclusion: The collection of ESTs characterised here represents a substantial increase on the genetic&#xd;
information available for melon. A database (MELOGEN) which contains all EST sequences, contig images and&#xd;
several tools for analysis and data mining has been created. This set of sequences constitutes also the basis for an&#xd;
oligo-based microarray for melon that is being used in experiments to further analyse the melon transcriptome.</subfield>
   </datafield>
   <datafield ind1="8" ind2=" " tag="024">
      <subfield code="a">Gonzalez-Ibeas, Daniel, José Blanca, Cristina Roig, Mireia González-To, Belén Picó, Verónica Truniger, Pedro Gómez, et al. 2007. “MELOGEN: An EST Database for Melon Functional Genomics.” BMC Genomics 8 (1): 306. doi: 10.1186/1471-2164-8-306</subfield>
   </datafield>
   <datafield ind1="8" ind2=" " tag="024">
      <subfield code="a">1471-2164</subfield>
   </datafield>
   <datafield ind1="8" ind2=" " tag="024">
      <subfield code="a">http://hdl.handle.net/20.500.12327/3672</subfield>
   </datafield>
   <datafield ind1="8" ind2=" " tag="024">
      <subfield code="a">https://doi.org/10.1186/1471-2164-8-306</subfield>
   </datafield>
   <datafield ind2="0" ind1="0" tag="245">
      <subfield code="a">MELOGEN: an EST database for melon functional genomics</subfield>
   </datafield>
</record></metadata></record></GetRecord></OAI-PMH>